| 000 | 00729cam a22002051 4500 | ||
|---|---|---|---|
| 001 | l 59000045 | ||
| 003 | DLC | ||
| 005 | 20260227111545.0 | ||
| 008 | 850410s1959 dcua f000 0 eng c | ||
| 010 | _al 59000045 | ||
| 035 | _a(OCoLC)11902275 | ||
| 040 |
_aU.S. Dept. of Labor Libr. _cNjTS _dDLC |
||
| 042 | _apremarc | ||
| 050 | 0 | 0 |
_aHF5549.5.T7 _bU5 |
| 110 | 1 |
_aUnited States. _bBureau of Apprenticeship and Training. |
|
| 245 | 1 | 2 |
_aA look at industrial training in Mercer County, N.J., _ba study of industrial training in establishments employing four or more workers in Mercer County, N.J. _c[by Robert F. Arnold. |
| 260 |
_aWashington, _c1959] |
||
| 300 |
_a29 p. _billus. _c27 cm. |
||
| 650 | 0 |
_aEmployees _xTraining of. |
|
| 999 |
_c36993 _d36993 |
||